| 000 | 00859nam a22001937a 4500 | ||
|---|---|---|---|
| 008 | 100705s1996 ua||||| |||| 00| 0 ara d | ||
| 020 | _a9775222176 | ||
| 082 |
_222 _a155.61 _bو هـ ب |
||
| 100 | 1 |
_913625 _aوهبه، مراد |
|
| 245 |
_aفلسفة الابداع / _cمراد وهبه |
||
| 260 |
_aالقاهرة : _bدار العالم الثالث ، _c1996. |
||
| 300 |
_a101 ص : _c20 سم. |
||
| 490 |
_915921 _aالكتاب الثالث |
||
| 500 | _aيحتوى على فهرس | ||
| 541 |
_aدكتور باسم ؛ _cإهداء ؛ |
||
| 650 |
_915100 _aالإبداع |
||
| 942 |
_2ddc _cBB |
||
| 999 |
_c14382 _d14382 |
||